ESSENTIAL CLINICAL SURGERY (Record no. 216557)

MARC details
000 -LEADER
fixed length control field 00434nam a22001697a 4500
008 - FIXED-LENGTH DATA ELEMENTS--GENERAL INFORMATION
fixed length control field 260205b |||||||| |||| 00| 0 eng d
020 ## - INTERNATIONAL STANDARD BOOK NUMBER
International Standard Book Number 978-93-89211-72-6
100 ## - MAIN ENTRY--PERSONAL NAME
Personal name MATHEW, STANLEY
245 ## - TITLE STATEMENT
Title ESSENTIAL CLINICAL SURGERY
250 ## - EDITION STATEMENT
Edition statement 2ND ED
260 ## - PUBLICATION, DISTRIBUTION, ETC.
Place of publication, distribution, etc. TELANGANA, INDIA
Name of publisher, distributor, etc. UNIVERSITIES PRESS
Date of publication, distribution, etc. 2021
300 ## - PHYSICAL DESCRIPTION
Extent X, 573P.
500 ## - GENERAL NOTE
General note INCLUDES INDEX
650 ## - SUBJECT ADDED ENTRY
Topical term or geographic name entry element SURGERY
942 ## - ADDED ENTRY ELEMENTS (KOHA)
Source of classification or shelving scheme Library of Congress Classification
Koha item type Long Loan Book
Holdings
Withdrawn status Lost status Source of classification or shelving scheme Damaged status Not for loan Collection Home library Current library Shelving location Date acquired Inventory number Total checkouts Full call number Barcode Date last seen Copy number Price effective from Koha item type
    Library of Congress Classification     Medicine Kisii University Library Kisii University Library On Display 02/05/2026 111160   RD 31 .M38 2021 50886 02/05/2026 1 02/05/2026 Long Loan Book
    Library of Congress Classification     Medicine Kisii University Library Kisii University Library On Display 02/05/2026 111161   RD 31 .M38 2021 50890 02/05/2026 2 02/05/2026 Long Loan Book
    Library of Congress Classification     Medicine Kisii University Library Kisii University Library On Display 02/05/2026 111162   RD 31 .M38 2021 50896 02/05/2026 3 02/05/2026 Long Loan Book
    Library of Congress Classification     Medicine Kisii University Library Kisii University Library On Display 02/05/2026 111163   RD 31 .M38 2021 50894 02/05/2026 4 02/05/2026 Long Loan Book
    Library of Congress Classification     Medicine Kisii University Library Kisii University Library On Display 02/05/2026 111164   RD 31 .M38 2021 50892 02/05/2026 5 02/05/2026 Long Loan Book
    Library of Congress Classification     Medicine Kisii University Library Kisii University Library On Display 02/05/2026 111165   RD 31 .M38 2021 50902 02/05/2026 6 02/05/2026 Long Loan Book
    Library of Congress Classification     Medicine Kisii University Library Kisii University Library On Display 02/05/2026 111166   RD 31 .M38 2021 50906 02/05/2026 7 02/05/2026 Long Loan Book
    Library of Congress Classification     Medicine Kisii University Library Kisii University Library On Display 02/05/2026 111166   RD 31 .M38 2021 50908 02/05/2026 7 02/05/2026 Long Loan Book